Con las Misioneras de la Unidad. el reto de la unidad (Record no. 360981)

000 -CABECERA
Campo de control de longitud fija 00412nab a22001217u 4500
008 - CÓDIGOS DE INFORMACIÓN DE LONGITUD FIJA
Campo de control de longitud fija 130520b2002 xxu||||| |||| 00| 0 spa d
041 ## - CÓDIGO DE LENGUA
Código de lengua del texto/banda sonora o título independiente spa
100 1# - PUNTO DE ACCESO PRINCIPAL-NOMBRE DE PERSONA
Nombre de persona Bellella, Antonio
9 (RLIN) 38629
245 00 - MENCIÓN DE TÍTULO
Título Con las Misioneras de la Unidad. el reto de la unidad
Mención de responsabilidad, etc. Antonio Bellella, Fernando Prado
700 1# - PUNTO DE ACCESO ADICIONAL-NOMBRE DE PERSONA
Nombre de persona Prado, Fernando
9 (RLIN) 25085
773 0# - ENLACE AL DOCUMENTO FUENTE
Título Vida Religiosa
Parte(s) relacionada(s) V.93, nº9,2002,págs. 6-9
Número Internacional Normalizado para Publicaciones Seriadas (ISSN) 0211-9757
Número de control del registro relacionado Rev493
942 ## - ENTRADA DE ELEMENTOS AGREGADOS (KOHA)
Koha [por defecto] tipo de item Artículos de revista
Holdings
Suprimido Perdido Estropeado No para préstamo Localización permanente Localización actual Localización en estantería Fecha adquisición Préstamos totales Fecha última consulta Fecha del precio de reemplazo Tipo de item de Koha
        San Esteban San Esteban Depósito de revistas 21/05/2013   21/05/2013 21/05/2013 Artículos de revista

Bibliotecas Dominicos Provincia Hispania, 2016

Con tecnología Koha